000
00342nam a2200157Ia 4500
008
100122s9999 xx 000 0 und d
082
_b
62495
_a
823
100
_a
ROBBINS HAROLD
245
_a
NEVER ENOUGH
250
_a
0
260
_b
FORGE
_c
2001
300
_a
407
630
_a
NEVER ENOUGH
730
_a
NEVER ENOUGH
942
_c
BOOK
999
_c
378728
_d
378725